Memoria del curso /
Descripción Física:
25 v.
MARC
| LEADER | 00000nam a2200000Ia 4500 | ||
|---|---|---|---|
| 001 | 8334, 8335, 8336, 8337, 9296, 8338, 9297, 8339, 10300, 8340, 20897, 8341, 8342, 8343, 8344, 8345, 8346, 8347, 8348, 8349, 8350, 8351, 8734, 8352, 8353, 11036 | ||
| 008 | 160829s1913- xx 000 0 cat d | ||
| 080 | |a B-1-394, CD-1-140 | ||
| 110 | 1 | |a Institut del Teatre (Barcelona, Catalunya) |9 52662 | |
| 245 | |a Memoria del curso / |c Institut del Teatre | ||
| 260 | |a Barcelona : |b Institut del Teatre, |c 1913- | ||
| 300 | |a 25 v. | ||
| 590 | |a Inclou fotografies de presentacions escèniques dels alumnes. | ||
| 590 | |a La memòria 1943-44 prové de Q-75, exp. 72 i del 4590, exp. 2. | ||
| 590 | |a La memòria 1939-40 i 1944-45 provenen de S-446, exp.4. | ||
| 590 | |a La memòria 1946-47 prové de Q-74, exp. 51. | ||
| 590 | |a Hi ha un duplicat del Curs 1944-45 amb R. 12687 a B-1-394. | ||
| 590 | |a Les memòries dels anys 1937-1938 fins el 1941-1942 estan digitalitzades en format .pdf en un DVD amb R. 20897 a CD-1-140 i a M:\BibliotecaDigitalitzada\R020\R20897.pdf | ||
| 610 | 1 | 0 | |a Institut del Teatre (Barcelona, Catalunya) |9 52662 |
| 610 | 2 | 0 | |a Institut del Teatre (Barcelona, Catalunya) |v Revistes |9 55971 |
| 856 | |u #M:\BibliotecaDigitalitzada\R020\R20897.pdf | ||
| 866 | |a Curs 1913, 1913-14 i 1914-15; 1915-16; 1916-17; 1917-18 i 1918-19; 1919-1920 al 1926-27; 1927-28; 1928-1929 al 1933-34; 1934-35 i 1935-36; 1936-1937; 1937-1938 i 1938-1939, 1939-1940 a 1942-43; 1943-44; 1944-45; 1945-46; 1946-47; 1947-48; 1948-49; 1949-50; 1950-51; 1951-1952; 1970-71; 1971-72; 1972-73; 1973-74; 1974-1975; 1988-1989 | ||
| 901 | |a Arxiu | ||
| 942 | |n 1 |2 udc |c ARXIU | ||
| 952 | |0 0 |1 0 |4 0 |6 B1394_CD1140 |7 1 |9 54613 |a Arxiu |b Arxiu |d 2016-12-01 |l 0 |o B-1-394, CD-1-140 |p 8334, 8335, 8336, 83 |r 2016-12-01 00:00:00 |w 2016-12-01 |y ARXIU | ||
| 952 | |0 0 |1 0 |4 0 |6 PDL |7 1 |9 63887 |a Arxiu |b Arxiu |d 2022-09-09 |h 1947-48 |l 0 |o PDL |p 26784 |r 2022-09-09 00:00:00 |w 2022-09-09 |y ARXIU | ||
| 999 | |c 58482 |d 58482 | ||